| 000 | 00598nam a22001937a 4500 | ||
|---|---|---|---|
| 999 |
_c3897 _d3897 |
||
| 003 | AR-CdUCM | ||
| 008 | 190307b ||||| |||| 00| 0 spa d | ||
| 040 |
_aMUNICIPALIDAD PROVINCIAL DEL CUSCO _cBIBLIOTECA MUNICIPAL DEL CUSCO |
||
| 082 |
_23ed. _a303.3 / _bP61 |
||
| 100 |
_aPratt Fairchild, Henry _912507 |
||
| 245 | _aDiccionario de sociología / | ||
| 260 |
_aMexico : _bFCE, _c1963. |
||
| 300 |
_a317 páginas ; _c23 cm. |
||
| 505 | _aDiccionario sociológico. | ||
| 650 |
_aDiccionario Sociológico. _912508 |
||
| 650 |
_aSociología. _9276 |
||
| 942 |
_2ddc _cLIBROS |
||
| 945 |
_awfj _d2019-03-07 |
||